MARC

LEADER 00000nam0a2200000 4500
001 10605
005 20231101204727.0
010 |a 5060030377 
035 |a (RuTPU)RU\TPU\book\10668 
035 |a BOOK00000082 
090 |a 10605 
100 |a 20011209d1999 m y0rusy50 ca 
101 0 |a rus  |a eng 
102 |a RU 
105 |a y j 000zy 
200 1 |a Тренируйте английский самостоятельно  |e Сборник упражнений  |f Б. А. Лапидус, М. М. Неусихина 
210 |a Москва  |c Высшая школа  |d 1999 
215 |a 176 с. 
606 1 |a Английский язык  |x Учебные руководства и пособия  |x Самоучители  |2 stltpush  |3 (RuTPU)RU\TPU\subj\29081  |9 52492 
610 1 |a лексика 
610 1 |a грамматика 
610 1 |a разговорная речь 
610 1 |a упражнения 
610 1 |a самостоятельное освоение 
686 |a Ш143.21-922  |v LBC/SL-A  |2 rubbk 
700 1 |a Лапидус  |b Б. А.  |g Борис Аронович 
701 1 |a Неусихина  |b М. М.  |g Мария Марковна 
801 0 |a RU  |b 63413507  |c 20011209  |g PSBO 
801 2 |a RU  |b 63413507  |c 20140225  |g PSBO 
942 |c BK